Statistics for Overseas Territories of Norway

Click here to take the quiz!

General Stats

  • This quiz has been taken 122 times
  • The average score is 4 of 5

Answer Stats

Hint Answer % Correct
Svalbard
95%
Jan Mayen
83%
Bouvet Island
76%
Queen Maud Land
58%
Peter Island
46%

Score Distribution

Percentile by Number Answered

Percent of People with Each Score

Your Score History

You have not taken this quiz